000 00332nam a22001457a 4500
008 221108b ||||| |||| 00| 0 eng d
020 _a2740249738767
041 _aeng
080 _2FOURTH EDITION
_a159.9
082 _a159.9KLU
100 _a25
101 _aPSI
245 _aACSM's HEALTH RELATED
_cKLUWER W
942 _2udc
_cBK
999 _c58800
_d58800